| 000 | 00780cam a2200253 a 4500 | ||
|---|---|---|---|
| 008 | |||
| 020 | _a9781416032571 (pbk.) | ||
| 049 | _aMAIN | ||
| 090 |
_aRM700 _bPHY. |
||
| 245 | 0 | 0 |
_aPhysical agents in rehabilitation : _bfrom research to practice / _c[edited by] Michelle Cameron. |
| 250 | _a3rd ed. | ||
| 260 |
_aSt. Louis : _bSaunders/Elsevier, _cc2009. |
||
| 300 |
_axviii, 457 p. : _bcol. ill. ; _c28 cm. |
||
| 504 | _aIncludes bibliographical references. | ||
| 500 | _aInludes index. | ||
| 650 | 0 | _aPhysical therapy. | |
| 650 | 0 | _aMedicine, Physical. | |
| 700 | 1 | _aCameron, Michelle H. | |
| 907 |
_a.b10300181 _b07-06-12 _c20-07-11 |
||
| 003 | |||
| 005 | 20230120204105.0 | ||
| 040 | _cNUST | ||
| 942 |
_cBOOKS _kRM700 _mPHY. |
||
| 999 |
_c116931 _d116931 |
||